Obchodná diplomacia a jej úloha v rámci Medzinárodnej obchodnej komory diplomová práca

Enregistré dans:
Détails bibliographiques
Auteur principal: Čelková, Veronika
Collectivité auteur: Fakulta medzinárodných vzťahov EU. Katedra medzinárodných ekonomických vzťahov a hospodárskej diplomacie
Autres auteurs: Cséfalvayová, Katarína
Format: Livre
Langue:slovaque
Publié: Bratislava 2016
Tags: Ajouter un tag
Pas de tags, Soyez le premier à ajouter un tag!

MARC

LEADER 00000nbm a2200000 4500
001 0221453
005 20170209153415.8
041 0 |a slo 
044 |a SK 
245 1 0 |a Obchodná diplomacia a jej úloha v rámci Medzinárodnej obchodnej komory  |b diplomová práca  |c Veronika Čelková ; školiteľ: Katarína Cséfalvayová 
264 1 |a Bratislava  |c 2016 
300 |a 74 s. 
100 1 |a Čelková, Veronika 
700 1 |a Cséfalvayová, Katarína 
710 2 |a Fakulta medzinárodných vzťahov EU. Katedra medzinárodných ekonomických vzťahov a hospodárskej diplomacie